| 000 | 01369 a2200253 4500 | ||
|---|---|---|---|
| 001 | 41385 | ||
| 005 | 20260407155708.0 | ||
| 008 | 260407a2013 arg spa d | ||
| 003 | AR-UNSa-BCEJYS | ||
| 040 |
_aAR-UNSa-BCEJYS _bspa _cAR-UNSa-BCEJYS |
||
| 080 |
_a336.226.1 _xImpuestos a las ganancias o los beneficios (Impuesto Diferido) |
||
| 245 | 1 | 0 |
_aReforma al impuesto a las ganancias. Ley 26.893 _pVenta de acciones y otros títulos valores. Dividendos y distribución de utilidades |
| 264 | 1 |
_aBuenos Aires : _bErrepar _c2013 |
|
| 300 |
_a45 p. _c21 cm. |
||
| 505 | _a1. Resultado por la venta de valores y percepción de utilidades distribuidas por sociedades. Análisis de la reforma en el impuesto a las ganancias / Paola E. Dreiling y Félix J. Rolando - 2. Reforma a la ley de impuesto a las ganancias. Su análisis y opinión / Carlos J. Gutiérrez - 3. Gravabilidad de resultados por venta de acciones y otros títulos valores y de la distribución de dividendos en el impuesto a las ganancias / José A. Moreno Gurrea | ||
| 041 | _aspa | ||
| 942 | _cBK | ||
| 590 | _aniveau_biblio:m niveau_hierar:0 | ||
| 100 | 1 | _aRolando, Félix José | |
| 700 | 1 | _aDreiling, Paola E. | |
| 700 | 1 | _aGutiérrez, Carlos J. S. | |
| 700 | 1 | _aMoreno Gurrea, José A. | |
| 856 | 4 | 1 |
_uhttps://biblioeco.unsa.edu.ar/pmb/images/libros/E00048.jpg _yImagen de portada _qimage/jpeg |
| 999 |
_c3490 _d3490 |
||